Mānasa anuśīlana. (Record no. 74832)

MARC details
000 -LEADER
fixed length control field 00720cam a22002531 4500
001 - CONTROL NUMBER
control field sa 67004881
003 - CONTROL NUMBER IDENTIFIER
control field DLC
005 - DATE AND TIME OF LATEST TRANSACTION
control field 20260227112352.0
008 - FIXED-LENGTH DATA ELEMENTS--GENERAL INFORMATION
fixed length control field 890918s1967 ii ach b 000 0 hino
010 ## - LIBRARY OF CONGRESS CONTROL NUMBER
LC control number sa 67004881
035 ## - SYSTEM CONTROL NUMBER
System control number (OCoLC)20363554
040 ## - CATALOGING SOURCE
Original cataloging agency DLC
Transcribing agency WaU
Modifying agency DLC
042 ## - AUTHENTICATION CODE
Authentication code premarc
050 00 - LIBRARY OF CONGRESS CALL NUMBER
Classification number PK2095.T8
Item number R324
100 1# - MAIN ENTRY--PERSONAL NAME
Personal name Chaube, Shambhu Narayan.
245 10 - TITLE STATEMENT
Title Mānasa anuśīlana.
260 ## - PUBLICATION, DISTRIBUTION, ETC.
Date of publication, distribution, etc. [1967]
300 ## - PHYSICAL DESCRIPTION
Extent 5, 15, 4, 46, 532 p.
Other physical details illus., ports., facsims.
Dimensions 22 cm.
440 #0 - SERIES STATEMENT/ADDED ENTRY--TITLE
Title Sūryakumārī pustakamālā,
Volume/sequential designation 35
500 ## - GENERAL NOTE
General note In Hindi.
504 ## - BIBLIOGRAPHY, ETC. NOTE
Bibliography, etc. note Bibliographical footnotes.
600 00 - SUBJECT ADDED ENTRY--PERSONAL NAME
Personal name Tulasīdāsa,
Dates associated with a name 1532-1623.
Title of a work Rāmacaritamānasa.
700 1# - ADDED ENTRY--PERSONAL NAME
Personal name Pandey, Sudhakar,
Dates associated with a name 1927-

No items available.

Powered by Koha